| 000 | 00620nam a2200157 a 4500 | ||
|---|---|---|---|
| 008 | 120416s1974 xx |||||||||||||| || u | ||
| 050 | _aTS 205 Gre | ||
| 100 | _aGreen, J. N | ||
| 245 | 1 | 0 | _aMetalwork theory for G.C.E. and C.S.E. |
| 250 | _a3rd ed. | ||
| 260 | _c1974 | ||
| 300 | _a88p. : ill | ||
| 350 | _a0.00 | ||
| 995 |
_aBINDERY (DAMAGED) _D0.00 _e715175 _FCBU-MAIN LIBRARY (Kitwe) _H1 _I2.10 _jTS 205 Gre _M2 _UWEEDED _y715175 _ZMain Library Open Access Collection |
||
| 995 |
_aMAIN LIBRARY OPEN ACCESS _D0.00 _e716315 _FCBU-MAIN LIBRARY (Kitwe) _H2 _I2.10 _jTS 205 Gre _M1 _UWEEDED _y025632 _ZMain Library Open Access Collection |
||
| 999 |
_c82877 _d82877 |
||